แสดงรายละเอียดบรรณานุกรม
  กลับหน้าหลัก

Brief Record : Get Marc (ISO 2709) : E-mail record : QR code ปิดหน้าต่าง
E-books : เกี่ยวกับ Collections
LEADER 00000nam 2200000uu 4500
001    213570
003     ULIBM
008    230714s||||||||th 000 0 tha d
020    ^a978-616-314-769-1
040    ^abcnkk
041    ^atha
060  0 ^aWE168 ^bก459 2564
100 0  ^aยงยุทธ ศิริปการ
245 00 ^aการบาดเจ็บทางออร์โธปิดิกส์ =^b Orthopaedic Trauma /^cยงยุทธ ศิริปการ
250    ^aพิมพ์ครั้งที่ 1
260    ^aกรุงเทพฯ :^bโรงพิมพ์มหาวิทยาลัยธรรมศาสตร์ ^c2564
300    ^a612 หน้า : ^bภาพประกอบ ; ตาราง ; ^c21 ซม.
650  0 ^aศัลยกรรมกระดูก
650  0 ^aกระดูกและเนื้อเยื้อกระดูก--บาดเจ็บ
650  0 ^aออร์โธปิดิกส์
700 0  ^aเจน จิตะพันธุ์กุล
700 0  ^aชินกาจ บุญญสิริกุล
700 0  ^aสุคณิศ ฉ่ำชื่น
700 0  ^aอดินันท์ อภิวัฒน์การุญ
999    ^aใช้งานได้ทุกระบบ
รายการนี้ยังไม่มีแท็ก
คุณยังไม่ได้ล็อกอิน คุณสามารถมีกิจกรรมร่วมกับเว็บไซต์ได้ แต่ต้องล็อกอินก่อน ::
  ล็อกอิน
ลำดับที่ ประเภท เลขเรียก สถานที่ สถานะ
1. การพยาบาล (ตำราหลัก)
การพยาบาล (ตำราหลัก)
WE168 ก459 2564 ฉ.1 
  
การพยาบาลผู้ใหญ่ ถูกยืม กำหนดส่งวันที่ 17 เมษายน 2569
  จอง
Note:จัดซื้อปีงบฯ 2565
2. การพยาบาล (ตำราหลัก)
การพยาบาล (ตำราหลัก)
WE168 ก459 2564 ฉ.2 
  
การพยาบาลผู้ใหญ่ On Shelf
  ขอยืม
Note:จัดซื้อปีงบฯ 2565
   [แสดง 2/2 รายการ]

รายการใกล้เคียง
    ผู้แต่ง [ยงยุทธ ศิริปการ]

    หัวเรื่อง [ศัลยกรรมกระดูก]
    หัวเรื่อง [ออร์โธปิดิกส์]

BibComment


ยังไม่เคยถูกคอมเมนท์

คอมเมนท์ทรัพยากรรายการนี้
  คอมเมนท์: การบาดเจ็บทางออร..
Bib 213570

 
 
 

 Union Library Management : ULibM
Copyright 2026. All Rights Reserved.
скачать бесплатно без регистрации порно красивый секс HD Sex Hindi sex

xxx gou

xxxx

bfxxx

xxxwww

Секса Видео

xxxx

Секса Видео

detube

geilexxx

C99 Shell

worms shell

blod xxx video
Ebony Coed Rihanna Rimes Takes A Dick In Her Young Twat priyaa indian fuck anal and pusssy hardcore indian women xxx desi hardcore fucking part 1 bengalixxxcouple